000 00521nam a2200181Ia 4500
999 _c29247
_d29247
003 OSt
005 20201223103213.0
008 190216s9999||||xx |||||||||||||| ||und||
020 _a9788126409730
040 _coclc
082 _a894.8128
_bGAN/V
100 _aGangadharan, M
_92076
245 0 _aV K Krishnamenon Vyakthiyum Vivadangalum /
_cM Gangadharan
260 _bD C Books,
_aKottayam:
_c2005.
300 _a75p
650 _aPadanam
942 _cBK
_2ddc
_h894.8128
_iGAN/V
_k894.8128
_mGAN/V